000 00392nam a2200145 i 4500
001 bg
245 0 _aĆwiczenia laboratoryjne z mechaniki płynów /
_cMieczysław Litwińczyk [et al.].
260 _aWarszawa,
_c1991.
700 1 _aLitwińczyk, Mieczysław.
_eRed.
040 _cBPK
041 _apol
080 _a532(075.8)(076)
942 _cKS
008 s pl f |000 0 pol
999 _c4640
_d4640
856 _uhttp://koha.tu.koszalin.pl/cgi-bin/koha/opac-detail.pl?biblionumber=4640
_yKatalog online BPK